[Event "RUS-ch 54th"]
[Site "Elista"]
[Date "2001.05.07"]
[Round "7"]
[White "Beshukov, Sergei"]
[Black "Khasin, Alexander"]
[Result "1-0"]
[WhiteElo "2463"]
[BlackElo "2542"]
[Annotator "Gofshtein,L"]
[PlyCount "77"]
[EventDate "2001.04.29"]
[EventType "swiss"]
[EventRounds "9"]
[EventCountry "RUS"]
[SourceTitle "CBM 083"]
[Source "ChessBase"]
[SourceDate "2001.07.05"]
[SourceVersion "1"]
[SourceVersionDate "2001.07.05"]
[SourceQuality "1"]

1. e4 c5 2. Nf3 Nc6 3. d4 cxd4 4. Nxd4 Nf6 5. Nc3 d6 6. Bg5 Qb6 7. Nb3 e6 8.
Qd2 a6 9. O-O-O Qc7 10. f3 (10. f4 b5 11. Kb1 (11. Be2 Bb7 12. Bxf6 gxf6 13.
Bh5 O-O-O 14. Kb1 Kb8 15. a3 Rg8 16. Rhf1 Bh6 17. g3 Na5 $13 {1/2-1/2 Sulskis,
G-Cmilyte,V/Vilnius 1999/EXT 2000 (32)}) (11. Bxf6 gxf6 12. Kb1 Bb7 13. g3
O-O-O 14. Bh3 {[%csl Re6][%cal Rh3e6]} Kb8 15. f5 $36 {1-0 Gara,A-Cmilyte,V/
Oropesa del Mar 1999/CBM 72 ext (49)}) 11... Bb7 (11... b4 12. Bxf6 gxf6 13.
Na4 $6 Bd7 14. Qe3 Rb8 15. Nd2 Na5 $132 {0-1 Williams,L-Spraggett,K/Quebec
1986/EXT 97 (48)}) 12. Bd3 O-O-O 13. Bh4 Be7 14. Bf2 g5 $6 15. g3 (15. fxg5 $16
) 15... Rhg8 $132 {1/2-1/2 Klovans,J-Lutikov,A/Rostov 1976/MCD (43)}) (10. Kb1
b5 11. Qf4 $5 Nd7 12. Bxb5 axb5 13. Nxb5 Qb8 14. Nxd6+ Bxd6 15. Qxd6 Qxd6 16.
Rxd6 Nce5 17. Rhd1 f6 18. Bd2 $44 {1/2-1/2 Van der Wiel,J-Spraggett,K/Wijk aan
Zee 1985/MCL (29)}) (10. Bxf6 gxf6 11. Qf4 Be7 12. Be2 h5 13. Qg3 Kf8 14. f4 b5
15. Bf3 Rb8 16. Kb1 b4 17. Ne2 a5 $132 {0-1 Sinprayoon,P-Spraggett,K/Dubai
1986/TD (38)}) (10. Kb1) 10... Rb8 {black protect against eventual  knight's
sacrifice on b5} 11. g4 (11. Nd4 Be7 12. Be3 b5 13. g4 Nxd4 14. Qxd4 O-O 15. g5
Nd7 16. h4 b4 17. Nb1 Ne5 $132 {1/2-1/2 Tatai,S-Smirin,I/Formia 1995/EXT 97 
(47)}) 11... b5 12. Kb1 Ne5 {[%cal Re5c4,Re5f3]} 13. Qf2 b4 14. Ne2 a5 15. Nbd4
Nc4 16. Ng3 {[%cal Yg3h5,Yg3f5]} (16. Bxf6 $5 gxf6 17. Ng3) 16... Be7 17. Bxc4
{White change of black's knight,in this way,decrease attack potential of black
pieces.} Qxc4 18. Bc1 {White try to prepare pawn attack on the king side.} Bb7
(18... O-O $5) (18... Ba6) 19. g5 Nd7 20. h4 g6 $6 {Much better look d5 with
counterplay.} (20... d5 $5 21. b3 Qc7 22. exd5 Bxd5 23. Ndf5 Bc5 24. Be3 O-O
$132) 21. h5 e5 $2 (21... Rc8 $5 22. hxg6 fxg6 23. b3 Qc5 24. Be3 Bxg5 25. Bxg5
Qxg5 26. Nxe6 Qe5 $13) 22. b3 $1 Qc8 $2 {Probably, it is decisive mistake.
Black would be to resistance serious after 22.Qc5.} (22... Qc5 $5 23. Be3 Bxg5
24. Bxg5 exd4 25. Qxd4 Qxg5 26. Qxh8+ Ke7 27. Qxh7 Nf6 28. hxg6 Nxh7 29. Nf5+
Qxf5 30. exf5 Ng5 $13) 23. hxg6 $1 fxg6 (23... exd4 $2 24. Rxh7 $18) 24. Ne6
$40 Nf8 {White would had dangerous attack and after 24...Kf7} (24... Kf7 25. f4
exf4 26. Qxf4+ Kxe6 27. Nf5 $36) 25. Nxf8 Bxf8 26. f4 $16 exf4 27. Qxf4 Be7 28.
Rhe1 Rf8 29. Nf5 $1 Qd7 (29... gxf5 30. exf5 Qxf5 31. Qxd6 $18) 30. Nxd6+ Bxd6
31. Qxd6 $1 (31. Rxd6 Rxf4 32. Rxd7 Kxd7 33. Bxf4 Rf8 $44) 31... Qxd6 32. Rxd6
$16 Rc8 33. Be3 Rf7 (33... Rc6 34. Rd5 Re6 35. Rxa5 $16) 34. Bd4 Rf4 (34... Rc6
35. Rd5 Re6 36. Rxa5 Rxe4 37. Rxe4+ Bxe4 38. Re5+ Re7 39. Rxe7+ Kxe7 40. Bc5+
Ke6 41. Bxb4 Kf5 42. Bd2 $18) 35. Bf6 Kf8 36. Rd7 Bxe4 37. Rxh7 $18 Rc6 38. Re7
Bxc2+ 39. Kb2 (39. Kb2 Rfxf6 40. gxf6 Bd3 41. f7 Rc2+ 42. Ka1 Rf2 43. Rd7 $18)
1-0

[Event "RUS-ch 54th"]
[Site "Elista"]
[Date "2001.05.02"]
[Round "3"]
[White "Lastin, Alexander"]
[Black "Khasin, Alexander"]
[Result "1-0"]
[WhiteElo "2627"]
[BlackElo "2542"]
[Annotator "Gofshtein,L"]
[PlyCount "77"]
[EventDate "2001.04.29"]
[EventType "swiss"]
[EventRounds "9"]
[EventCountry "RUS"]
[SourceTitle "CBM 083"]
[Source "ChessBase"]
[SourceDate "2001.07.05"]
[SourceVersion "1"]
[SourceVersionDate "2001.07.05"]
[SourceQuality "1"]

1. e4 c5 2. Nf3 Nc6 3. d4 cxd4 4. Nxd4 Nf6 5. Nc3 d6 6. Bg5 e6 7. Qd2 Qb6 8.
Nb3 a6 9. O-O-O Qc7 10. f3 {There are few main line here:} (10. f4 b5 (10...
Be7 11. Be2 b5 12. Bf3 Bb7 13. Bxf6 gxf6 14. Ne2 Rc8 15. Kb1 Nb8 16. f5 e5 17.
Ng3 Nd7 $132 {0-1 Luczak,A-Spassov,L/Polanica Zdroj 1980/MCD (40)}) 11. Kb1 (
11. Be2 Bb7 12. Bxf6 gxf6 13. Bh5 O-O-O 14. Kb1 Kb8 15. a3 Rg8 $13 {1/2-1/2
Sulskis,G-Cmilyte,V/Vilnius 1999/EXT 2000 (32)}) (11. Bxf6 gxf6 12. Kb1 Bb7 13.
g3 O-O-O 14. Bh3 Kb8 15. f5 Bc8 16. Rhf1 Be7 17. Qe2 h5 18. Nd4 $16 {1-0 Gara,
A-Cmilyte,V/Oropesa del Mar 1999/CBM 72 ext (49)}) 11... Bb7 (11... b4 12. Bxf6
gxf6 13. Na4 $2 Bd7 14. Qe3 Rb8 15. Nd2 Na5 $36 {0-1 Williams,L-Spraggett,K/
Quebec 1986/EXT 97 (48)}) 12. Bd3 O-O-O 13. Bh4 Be7 14. Bf2 g5 15. g3 {1/2-1/2
Klovans,J-Lutikov,A/Rostov 1976/MCD (43)} (15. fxg5 $5 Ng4 16. Bg3 $16)) (10.
Kb1 b5 (10... Be7 11. Bxf6 gxf6 12. Qh6 Bd7 13. Qg7 O-O-O 14. Qxf7 h5 15. Nd4
Rdf8 16. Qg7 Rfg8 17. Qf7 $11 {1/2-1/2 Mithrakanth,P-Vasiukov,E/Coimbatore
1987/EXT 97 (19)}) 11. Qf4 Nd7 12. Bxb5 axb5 13. Nxb5 Qb8 14. Nxd6+ Bxd6 15.
Qxd6 Qxd6 16. Rxd6 Nce5 17. Rhd1 f6 18. Bd2 $44 {1/2-1/2 Van der Wiel,
J-Spraggett,K/Wijk aan Zee 1985/MCL (29)}) (10. Bxf6 gxf6 11. Qf4 Be7 12. Be2
h5 13. Qg3 Kf8 14. f4 b5 15. Bf3 Rb8 16. Kb1 b4 17. Ne2 a5 $132 {0-1
Sinprayoon,P-Spraggett,K/Dubai 1986/TD (38)}) (10. Kb1) 10... Rb8 11. g4 (11.
Nd4 Be7 12. Be3 b5 13. g4 Nxd4 14. Qxd4 O-O 15. g5 Nd7 16. h4 b4 17. Nb1 Ne5
18. Nd2 Bb7 19. Kb1 Rbc8 20. Rc1 d5 $132 {1/2-1/2 Tatai,S-Smirin,I/Formia 1995/
EXT 97 (47)}) 11... b5 12. Be3 Nd7 {[%csl Rc4][%cal Yd7b6,Yb6c4] Black
transfer knight from f6 to more active position} 13. Qf2 Nb6 14. Kb1 b4 15. Ne2
Be7 16. h4 Ne5 17. Ned4 Nbc4 (17... d5 $5 $132 18. Bf4 Bd6) 18. Bc1 a5 (18...
Bb7 $132) 19. f4 Nd7 $2 {This is move -decisive mistake.} (19... Nxg4 $8 20.
Qe2 e5 21. Nf5 a4 22. Qxg4 g6 23. Bxc4 Qxc4 24. Nd2 Qc5 $132) 20. Bxc4 Qxc4 21.
Nxa5 Qa6 22. Nac6 $16 Ra8 (22... Rb7 23. Qe1 {[%csl Rb4][%cal Yc6b4,Ye1b4]})
23. Nxb4 $44 {White has two extra pawns without any compensation} Qa4 (23...
Qc4 24. Ndc6 Qxe4 25. Rhe1 Qc4 26. b3 $36) 24. Ndc6 Bf8 (24... Bb7 25. b3 Qb5
26. c4 Qb6 27. Qxb6 Nxb6 28. Be3 $18) 25. b3 Qb5 26. Bb2 Nc5 (26... Nb8 27. c4
Qb7 28. Nxb8 Qxb4 29. Nc6) 27. a4 Qb6 28. f5 (28. h5 $5) 28... Nxa4 (28... Bb7
29. a5 (29. fxe6)) 29. Qxb6 Nxb6 30. Be5 Kd7 31. Bxd6 Bxd6 32. e5 Nd5 33. fxe6+
fxe6 34. exd6 Nc3+ 35. Kb2 Nxd1+ 36. Rxd1 Ke8 37. Ne5 Bd7 38. c4 $18 Ra5 39.
Nbd3 1-0

[Event "Novak Nikolic Memorial 2nd"]
[Site "Belgrade"]
[Date "2000.02.05"]
[Round "3"]
[White "Govedarica, Radovan"]
[Black "Solak, Dragan"]
[Result "0-1"]
[WhiteElo "2480"]
[BlackElo "2515"]
[Annotator "Gofshtein,L"]
[PlyCount "88"]
[EventDate "2000.02.02"]
[EventType "tourn"]
[EventRounds "11"]
[EventCountry "YUG"]
[EventCategory "11"]
[SourceTitle "CBM 076"]
[Source "ChessBase"]
[SourceDate "2000.05.31"]
[SourceVersion "1"]
[SourceVersionDate "2000.05.31"]
[SourceQuality "1"]

1. e4 c5 2. Nf3 d6 3. d4 cxd4 4. Nxd4 Nf6 5. Nc3 Nc6 6. Bg5 e6 7. Qd2 a6 8.
O-O-O h6 9. Be3 Be7 10. Be2 Bd7 11. f4 Qc7 $1 {[%csl Ge5]} (11... b5 12. Bf3
Rc8 {-Main line, and now or} 13. Nb3 ({or} 13. Kb1)) 12. Kb1 $5 {I was afraid,
after this move Black position is better, but vigorous playing of White Will
neutralize a little Black advantage.} ({Another continuations also don't
promise to White any advantage, and equal position White can recieve "not
often":} 12. Bf3 $6 Rc8 (12... Na5 13. b3 Rc8 14. Nde2 O-O 15. Qd4 Nc6 16. Qb6
Qb8 17. Bf2 $132 {1-0 Wikstrom,B-Dreibergs,L/cr 1960 (59)}) 13. Kb1 Na5 14. Qd3
b5 15. Rc1 Nc4 16. g4 g6 (16... Nxe3 17. Qxe3 $132) 17. h3 (17. Nd1 e5 18. g5
hxg5 19. fxg5 Nh7 20. Nb3 Nxg5 $19 {0-1 Kaunonen-Morozov/cr Heilimo mem 1982 
(40)}) 17... e5 18. Nb3 Nxe3 19. Qxe3 b4 20. Ne2 a5 $15) (12. Nb3 $5 {Maybe
best move (for playing for draw, of course)} Na5 13. Kb1 Nxb3 (13... Bc6 14.
Nxa5 Qxa5 15. Bf3 Qc7 16. Rhe1 O-O-O 17. Bd4 {1/2-1/2 Maric,D-Pavlovic,D/YUG
ch Banja Vrucica ,EXT 1991 (17)}) 14. axb3 Bc6 15. Bf3 Rc8 $132) (12. g4 $6 b5
13. g5 hxg5 14. fxg5 b4 15. Nd5 exd5 16. gxf6 Bxf6 17. Nxc6 Qxc6 18. exd5 Qa4
19. Kb1 Rc8 $15 {0-1 Fedorowicz,J-Dzindzichashvili,R/Newark New York op 1996 
(44)}) 12... Na5 (12... Nxd4 $5 13. Qxd4 Bc6 14. Bf3 (14. g4 Nd7 15. h4 Bf6 16.
Qxd6 Qxd6 17. Rxd6 Bxc3 18. bxc3 Nf6 (18... Bxe4 19. Rhd1 Bc6 20. Bd4 O-O 21.
c4 $14) 19. Bd3 Bxe4 20. Rg1 Bxd3 21. Rxd3 Nd5 22. Bd2 Rc8 23. f5 Rc4 $15 {
1/2-1/2 Kudrin,S-Dzindzichashvili,R/St Martin 1990 (55)}) 14... Rc8 $11) 13.
Rhf1 (13. e5 dxe5 14. fxe5 Qxe5 15. Nf3 Qc7 16. Bf4 Qc8 $15 (16... Qb6 $6 17.
Be3 Qc7 {1/2-1/2 Toothill-Stoll/Freedman mem cr 1986 (17)})) 13... b5 $5 (13...
Rc8 $142 $5 14. h3 {[%cal Gg2g4]} b5 15. e5 (15. a3 Nc4 $15) 15... dxe5 16.
fxe5 Qxe5 17. Rxf6 $1 {like in this game, but maybe a little difference (P h3
instead of P a3) is important?} Bxf6 18. Nf3 Qc7 19. Bb6 Bxc3 20. bxc3 Nc4 21.
Bxc4 Qb7 22. Bb3 Bc6 23. Bd4 $132 {No, the difference is not important!}) 14.
a3 Rc8 15. e5 $1 {Interesting pawn sacrifice.} (15. h3 Nc4 16. Bxc4 Qxc4 $15)
15... dxe5 (15... Nd5 16. Nxd5 exd5 17. exd6 (17. e6 $6 fxe6 18. f5 e5 19. Ne6
Bxe6 20. fxe6 Nc4 (20... d4 21. Bg1 Rf8 22. Bh5+ Kd8 23. Rf7 Nc4 24. Qf2 $44)
21. Bxc4 Qxc4 $15) 17... Bxd6 18. Bf3 Nc4 19. Qe1 O-O 20. Bxd5 Rfe8 21. Bxc4
Qxc4 22. Qd2 $44) 16. fxe5 Qxe5 17. Rxf6 $1 {[%csl Ra5,Rd7] Burning for itself
bridges} (17. Bf4 Qc5 18. Ncxb5 e5 (18... axb5 19. Qxa5 e5 20. b4 $8 Qd5 21.
Nxb5 (21. Bf3 Ne4 22. Ne2 Qc6 23. Rxd7 $8 Qxd7 $1 (23... Qxc2+ 24. Ka1 exf4 {
[%cal Ge7f6]} 25. Rxe7+ $8 Kxe7 26. Qa7+ Rc7 27. Bxe4 Rxa7 28. Bxc2 Rxa3+ 29.
Kb2 Rha8 30. Nc3 $16) 24. Bxe4 exf4 25. Bd3 {[%csl Rb5]} Rb8 $1 {[%cal Gb8b5]}
(25... O-O $2 26. Qxb5 Qa7 27. Rf3 Rb8 28. Qa6 Qxa6 (28... Qc7 29. Qc4 $16) 29.
Bxa6 Bxb4 30. axb4 Rxb4+ 31. Rb3 $16) 26. Rxf4 O-O 27. Rd4 Qc8 $17) 21... Qc6
$17 {[%csl Rc2,Rf4]}) 19. Qxa5 axb5 20. b4 Qd5 $17) 17... Bxf6 18. Nb3 (18. Nf3
$5 Qc7 $8 19. Bb6 Bxc3 20. bxc3 Nc4 21. Bxc4 Qb7 22. Bb3 Bc6 23. Bd4 O-O $132)
18... Qc7 19. Nxa5 O-O $6 $14 (19... Bxc3 $142 $1 20. Qxc3 Qxc3 21. bxc3 Rxc3
22. Bc1 Ke7 (22... e5 23. Bb2 Re3 24. Bd3 Bg4 $132) 23. Bb2 Rcc8 24. Bf3 f6 25.
Rd3 e5 26. Bc3 $132) 20. Ne4 (20. Qxd7 Qxa5 21. Ne4 Be5 22. Qd2 Qxd2 23. Rxd2
Bxh2 24. Nc5 $44) 20... Be7 21. b4 $1 {[%csl Rc5][%cal Ge4c5,Ge3c5]} (21. Nc4
bxc4 22. Qxd7 Qe5 $1 23. Qd4 (23. Bf3 Bxa3 24. Bd4 Qb8 $17) 23... Qxh2 24. Qc3
$132) 21... Rfd8 22. Nc5 $6 $132 (22. Bd3 $1 f5 (22... Qxh2 23. Nb7 Rf8 (23...
Re8 24. Bf4 $18 {[%cal Gb7d6]}) 24. Bf4 Qh5 25. Ned6 $14) 23. Nc5 $14) 22...
Be8 (22... Bc6 23. Bd3 Qxh2 24. Nxc6 Rxc6 $44) 23. Qc1 (23. Bd3 Bxc5 24. Bxc5
Qxh2 25. Qe2 $44) 23... Qxh2 24. Bf3 Rxd1 25. Qxd1 Rd8 26. Qc1 Qe5 27. Nab3 (
27. Nxa6 Bf6 28. Ka2 Qc3 29. Nc5 Be5 (29... Rc8 30. Bd2 $14) 30. Ne4 Qc7 31.
Kb1 $14) 27... g5 28. c3 $6 {Black pieces play on diagonal a1-h8 was not
dangerous for White} (28. Nxa6 $14) 28... Qg3 29. Ne4 (29. Nxa6 $132) 29... Qc7
30. Nbc5 Bc6 31. Kb2 (31. Nxa6 $2 Qe5 32. Nac5 Bxe4+ 33. Nxe4 g4 34. Bxh6 gxf3
35. gxf3 Qh2 $17) 31... g4 $5 {Black begin combination.} (31... Bxe4 32. Nxe4
a5 33. Nc5 (33. Qh1 Kg7 34. Qg1 axb4 35. axb4 Qc4 $132) 33... axb4 34. axb4
$132) 32. Bxg4 Bxe4 33. Nxe4 f5 34. Bh3 fxe4 35. Bxe6+ {[%csl Ge6] Black K now
is too open, White square B have no opponent, but Black R also must be
evaluated properly!} Kh7 36. Bf5+ $6 (36. Qh1 $1 Bf8 $8 37. Bf5+ Kg8 38. Bxh6
Bxh6 39. Qxh6 Qg7 40. Qe6+ Qf7 41. Qxe4 Re8 42. Qd3 Qf6 43. g4 $14) 36... Kg8
37. Bxe4 (37. Be6+ Kh7 38. Qh1 $1 $14) 37... Bf6 $6 $14 (37... Qe5 38. Qc2 Rd6
39. Bd4 (39. Bc5 Re6 40. Bh7+ Kf8 41. Bd4 Qe2 $17) 39... Rxd4 40. cxd4 Qxd4+
$11) 38. Bxh6 Qe5 {[%csl Rc3] Pressure on c3 is not effective enough} 39. Bb1
$6 $11 (39. Qc2 Rc8 40. Bd2 Rd8 41. Be3 $14) 39... Qe2+ 40. Qc2 $4 $19 {
[%mdl 8192]} (40. Bc2 Rd3 41. Bg5 Bxc3+ 42. Kb1 {[%cal Gc2b3]} Bg7 43. Bxd3
Qxd3+ 44. Qc2 Qxa3 $11) 40... Bxc3+ $1 41. Ka2 (41. Kxc3 Rc8+ 42. Kb2 Rxc2+ 43.
Bxc2 Qxg2 44. Be3 Kf7 45. Bc5 {This position is lost} Ke6 46. Kc3 Qf3+ 47. Bd3
Kd5 48. Bg1 Qd1 49. Bb6 Qa1+ 50. Kb3 Qc1 51. Bc5 Qd2 $19 {[%cal Ga6a5]}) 41...
Qc4+ 42. Qb3 Rd1 $1 {White K has got in mate conctruction.} 43. Be3 (43. Qxc4+
bxc4 44. a4 (44. g4 Re1 $19 {[%cal Ge1e2]}) 44... Rg1 45. b5 Rxg2+ 46. Ka3 a5
$19 {[%csl Ra3]}) 43... Re1 44. Qxc4+ bxc4 0-1

[Event "CRO-ch"]
[Site "Pula"]
[Date "2000.01.10"]
[Round "4"]
[White "Kutuzovic, Branko"]
[Black "Novak, Danijel"]
[Result "1/2-1/2"]
[WhiteElo "2480"]
[BlackElo "2365"]
[Annotator "Gofshtein,L"]
[PlyCount "88"]
[EventDate "2000.01.07"]
[EventType "tourn"]
[EventRounds "13"]
[EventCountry "CRO"]
[EventCategory "8"]
[SourceTitle "CBM 075"]
[Source "ChessBase"]
[SourceDate "2000.04.05"]
[SourceVersion "1"]
[SourceVersionDate "2000.04.05"]
[SourceQuality "1"]

{[%mdl 24576]} 1. e4 c5 2. Nf3 Nc6 3. d4 cxd4 4. Nxd4 Nf6 5. Nc3 d6 6. Bg5 e6
7. Qd2 a6 8. O-O-O Be7 9. f4 Nxd4 10. Qxd4 b5 11. Bxf6 gxf6 12. f5 Qc7 13. Be2
Qc5 14. Qxc5 dxc5 15. fxe6 fxe6 16. Bh5+ Kf8 17. e5 f5 18. g4 Kg7 $2 $16 {
This move played in wrong order} (18... Ra7 19. gxf5 (19. Rhg1 Rg8 20. gxf5
Rxg1 21. Rxg1 exf5 22. Nd5 $11 {0-1 Sarkar,J-Yermolinsky,A/Philadelphia USA
1999 (30)}) 19... exf5 20. Nd5 Bg5+ (20... Kg7 21. Rhg1+ Kh6 22. Rd3 Bg5+ 23.
Kb1 f4 (23... Kxh5 24. Rh3+ Kg6 25. Nf4+ Kf7 26. Rxg5 $16) 24. Bg4 Bxg4 25.
Rxg4 c4 $1 $146 (25... Kh5 26. Rg1 Rf8 27. Rf3 Rf5 28. h4 $1 $16 {Van Den Doel,
Erik-Epishin,Vladimir/Graz (6) 1997/1-0 (57)}) 26. Rd1 (26. Rh3+ Kg6 27. Rg1 (
27. Nxf4+ $140 Kf5) 27... Rf8 28. Rf3 Kf5 29. Nxf4 Bxf4 30. Rxf4+ Kxf4 31. Rf1+
Kxe5 32. Rxf8 Rg7 $17) 26... Rd8 27. h4 Rad7 $1 $11 {1/2-1/2 Tiviakov,
S-Khalifman,A/Elista 1998/CBM 65/ (32)}) 21. Kb1 Be6 22. Rhg1 Rg8 (22... Rd7
23. Rxg5 Rxd5 24. Rxf5+ Ke7 25. Rg5 Rg8 26. Rxg8 Rxd1+ 27. Bxd1 Bxg8 28. Bg4
$14 {1/2-1/2 Grischuk,A-Grosar,A/Batumi GEO 1999 (48)}) 23. Nf4 Bxf4 24. Rd8+
Ke7 25. Rdxg8 Bxg8 26. Rg7+ Ke6 27. Rxa7 Kxe5 28. h3 (28. h4 $16 {1-0 Delchev,
Aleksander-Nikolac,Juraj/Pula (4) 1998 (41)}) 28... h6 29. Rxa6 Be3 30. Be2 $16
{1/2-1/2 Short,N-Yermolinsky,A/Hoogovens, Wijk aan Zee NED 1997/ (82)}) (18...
b4 19. Ne2 Bg5+ (19... Ra7 20. gxf5 exf5 21. Nf4 $1 Bg5 22. Kb1 Bxf4 23. Rd8+
Kg7 24. Rg1+ Bg5 25. Rd6 $1 Rf8 26. Rxg5+ Kh8 27. Rf6 $16 {1-0 Palac,M-Smirin,
I/Pula 1997/EXP 57/ (49)}) 20. Kb1 Ke7 21. gxf5 exf5 22. Rhg1 Bh6 23. Bf3 Rb8
24. Rd6 Be6 25. Bd5 Bxd5 26. Rxh6 Rbg8 27. Rg3 Rg4 28. Rf6 (28. Rxg4 fxg4 29.
Nf4 Be4 30. Re6+ Kd7 31. Rd6+ Ke7 32. Re6+ Kd7 33. Rd6+ (33. Rxa6 Rf8 34. Rf6
Re8 (34... Rxf6 35. exf6 $16) 35. Rd6+ Kc7 36. Ne6+ Kc8 37. Kc1 (37. a4 b3 $132
) 37... Bf5 38. Nxc5 Rxe5 $14) 33... Ke7 34. Re6+ {1/2-1/2 Alonso,S-Zarnicki,P/
ch-ARG, Buenos Aires ARG 1998 (34)}) (28. b3 a5 29. Rd3 Be6 30. Rd6 Rg6 31. Rh5
Rg4 32. Rh6 {1/2-1/2 Palac,M-Pelletier,Y/It, Biel SUI 1998 (32)}) 28... Re4 29.
Rg7+ Ke8 30. Rb6 Kf8 31. Rc7 Bf7 32. Nc1 Rxe5 33. Nd3 $14 {1-0 Perunovic,
Milos-Izoria,Zviad/Moscow (6) 1998 (48)}) (18... f4 19. a4 Kg7 20. Rhf1 Rf8 21.
Kb1 b4 22. Ne4 Ra7 23. g5 h6 24. h4 hxg5 25. hxg5 Rf5 26. Nf6 Rxg5 27. Rxf4 Bb7
28. Ne8+ Kh6 29. Rf7 Be4 30. Nf6 Bxf6 (30... Rxh5 31. Nxe4 Rxe5 32. Rf4 Bg5 33.
Rh1+ Kg6 34. Rg1 Rd7 35. Rf6+ Kh5 36. Rxg5+ Rxg5 37. Nxg5 Kxg5 38. Rxe6 $16)
31. Rxa7 Bxe5 32. Re1 b3 33. Bd1 Bf5 34. Rxa6 $16 {1/2-1/2 Vuckovic,
B-Miranovic,R/Vrnjacka Banja YUG 1999 (55)}) 19. gxf5 exf5 20. Rhg1+ (20. Nd5
Bg5+ (20... Ra7 21. Rhg1+ Kh6 22. Rd3 Bg5+ 23. Kb1 $11 {See 18 move annotation
- the game Khalifman - Tiviakov}) 21. Kb1 Ra7 22. h4 Bd8 $132) 20... Kh6 21.
Bf7 $1 (21. Bf3 Ra7 22. a4 b4 23. Nd5 Bg5+ 24. Kb1 Re8 $132) (21. Rd3 Bg5+ $19)
(21. Nd5 $2 Bg5+ $17) 21... Rd8 (21... Ra7 22. e6 {[%csl Ye6,Yf7]} (22. Rd3
Bg5+ $17) 22... Bg5+ 23. Kb1 $16) 22. Nd5 $1 (22. Rxd8 Bxd8 23. Bd5 Rb8 $132)
22... Ra7 (22... Bg5+ $2 23. Kb1 Ra7 24. e6 $18 {[%cal Gd1d3,Gd3h3]}) 23. e6 ({
Not bad was also} 23. Rd3 $5 Bg5+ 24. Kb1 Rxf7 25. Rh3+ Kg7 (25... Kg6 26. Nf4+
Kg7 27. Rxg5+ Kf8 28. Kc1 Rg7 29. Rxg7 Kxg7 30. Rd3 Re8 (30... Rxd3 31. Nxd3 c4
32. Nf4 Kf7 (32... Kh6 33. h4 $16) 33. Kd2 $16) 31. Rd5 c4 32. Kd2 Kf7 33. Ke3
Bb7 34. Rd7+ Re7 35. Rxe7+ Kxe7 36. Kd4 $16)) 23... c4 24. Rg3 $5 (24. Rd2 $1 {
[%cal Gd5e7]} Bxe6 (24... Bg5 25. Rxg5 Kxg5 26. e7 $18) 25. Nxe7 (25. Bxe6 Bg5
26. Rxg5 Kxg5 27. Rf2 Rf8 28. Rf4 {[%cal Gh2h4]} h6 29. h4+ Kh5 30. Kd2 $16)
25... Rxe7 (25... Rxd2 26. Ng8#) 26. Rxd8 Bxf7 27. Rd6+ $18) 24... f4 $5 {
Last chance to receive a little freedom} {And white put mistake} 25. Nxf4 $2
$132 ({Right was} 25. Rh3+ Kg7 26. Rg1+ Kh8 27. Nxf4 $16) 25... Bd6 $4 $18 {
This chance was not used...} (25... Rxd1+ $1 26. Kxd1 Bd6 {[%csl Rf7][%cal
Gc8h3]} 27. Rf3 (27. Rg8 Bxe6 $1 $11) 27... Rxf7 28. exf7 Bg4 29. Ke2 Kg7 30.
h3 Bxf3+ 31. Kxf3 Kxf7 32. Ke4 $11) 26. Ne2 $6 (26. Kb1 $1 $18 {[%csl Rh6]
[%cal Gd1g1,Gg3h3]}) (26. Rh3+ Kg7 27. Rg1+ Kf6 28. Nd5+ Ke5 29. Rh5+ Kd4 30.
c3+ $18 {[%csl Rd4]}) 26... Re7 27. Rd5 $2 $16 {The comedy of mistakes is
continued...} (27. Re3 Kg7 28. h4 (28. Rg1+ Kh8 $16) 28... Kh8 29. c3 Bb7 30.
Ng3 $18) 27... Bxg3 28. Rxd8 Bxe6 29. Bxe6 $4 $11 (29. Nxg3 Rxf7 30. Rd6 Rf6
31. Rxa6 Rg6 32. Kd2 $16) 29... Bc7 $1 30. Nd4 (30. Rd7 Rxe6 31. Rxc7 Rxe2 $15)
30... Bxd8 31. Nf5+ Kg5 32. Nxe7 Bxe7 $11 33. Bc8 b4 34. Bxa6 c3 35. Bc8 Kf4
36. bxc3 bxc3 37. a4 Bd8 38. Kb1 Ke4 39. Ka2 Kd5 40. Bf5 h6 41. Kb1 Kc5 42. Kc1
Kb4 43. Bd7 Bg5+ 44. Kd1 Ka5 1/2-1/2